Central Library OPAC University of Rajshahi

Man in the primitive world : (Record no. 54760)

MARC details
000 -LEADER
fixed length control field 00787nam a2200253 a 4500
001 - CONTROL NUMBER
control field 54760
003 - CONTROL NUMBER IDENTIFIER
rucl marc code BD-RjUL
005 - DATE AND TIME OF LATEST TRANSACTION
control field 20211209080151.0
008 - FIXED-LENGTH DATA ELEMENTS--GENERAL INFORMATION
fixed length control field 161110s1958 enka 001 0 eng
035 ## - SYSTEM CONTROL NUMBER
System control number (BD-RjUL)54882
040 ## - CATALOGING SOURCE
Original cataloging agency DLC
Transcribing agency OAU
Modifying agency OCoLC
-- BD-RjUL
Language of cataloging eng
041 ## - LANGUAGE CODE
Language code of text/sound track or separate title eng
082 ## - DEWEY DECIMAL CLASSIFICATION NUMBER
Classification number 572
Edition number 23
Author mark and year HOM 1958
100 1# - MAIN ENTRY--PERSONAL NAME
Personal name Hoebel, E. Adamson
Fuller form of name (Edward Adamson),
Dates associated with a name 1906-
9 (RLIN) 163264
245 10 - TITLE STATEMENT
Title Man in the primitive world :
Remainder of title an introduction to anthropology /
Statement of responsibility, etc. E. Adamson Hoebel
250 ## - EDITION STATEMENT
Edition statement 2d ed.
260 ## - PUBLICATION, DISTRIBUTION, ETC. (IMPRINT)
Place of publication, distribution, etc. New York :
Name of publisher, distributor, etc. McGraw-Hill,
Date of publication, distribution, etc. c1958.
300 ## - PHYSICAL DESCRIPTION
Pagination xi, 678 p. :
Illustrations ill. ;
Size 24 cm.
490 0# - SERIES STATEMENT
Series statement McGraw-Hill series in sociology and anthropology
500 ## - GENERAL NOTE
General note Include index
650 #0 - SUBJECT ADDED ENTRY--TOPICAL TERM
Topical term or geographic name as entry element Primitive societies.
9 (RLIN) 124273
942 ## - ADDED ENTRY ELEMENTS (KOHA)
Source of classification or shelving scheme Dewey Decimal Classification
Koha item type Books
Holdings
Lost status Source of classification or shelving scheme Damaged status Not for loan Collection code Permanent Location Current Location Shelving location Date acquired Source of acquisition Cost, normal purchase price Total Checkouts Full call number Date last seen Copy number Koha item type
  Dewey Decimal Classification     Non-fiction Central Library, University of Rajshahi Central Library, University of Rajshahi   18/03/1967 Book view 67.00   572 HOM 1958 10/11/2016 C-2 Books
  Dewey Decimal Classification   Not For Loan Non-fiction Central Library, University of Rajshahi Central Library, University of Rajshahi Reading Room 16/06/1960 Mirza boook agency 37.00   572 HOM 1958 15/01/2017 C-1 Books
  Dewey Decimal Classification   Not For Loan Non-fiction Central Library, University of Rajshahi Central Library, University of Rajshahi   19/02/1966 Mirza Book 24.00   572 HOM 1958 12/01/2019 C-3 Books